Effectif Atlético Madrid (2024-2025) - Statistiques

Statistiques générales
  • Ce quiz a été pris 142 fois
  • Le résultat moyen est 18 sur 23
Statistiques - réponses
Poste Nationalité Joueur % Correct
Gardien Slovénie Jan Oblak
99%
Attaquant France Antoine Griezmann
96%
Attaquant Norvège Alexander Sørloth
91%
Attaquant Argentine Julían Alvarez
91%
Milieu Argentine Rodrigo De Paul
91%
Milieu France Thomas Lemar
86%
Milieu Espagne Koke
85%
Défenseur Uruguay José María Giménez
82%
Défenseur Belgique Axel Witsel
80%
Attaquant Brésil Samuel Lino
80%
Attaquant Argentine Ángel Correa
79%
Milieu Angleterre Conor Gallagher
78%
Défenseur France Clément Lenglet
77%
Attaquant Argentine Giuliano Simeone
77%
Milieu Espagne Marcos Llorente
76%
Défenseur Mozambique Reinildo
76%
Défenseur Argentine Nahuel Molina
73%
Défenseur Espagne Robin Le Normand
71%
Milieu Espagne Pablo Barrios
69%
Défenseur Espagne Javi Galán
55%
Gardien Argentine Juan Musso
53%
Défenseur Espagne César Azpilicueta
47%
Attaquant Espagne Rodrigo Riquelme
47%
Aucun quiz correspondant
Distribution des résultats
% des personnes avec chaque résultat
Percentile par nombre de réponses
Votre historique - résultats
Vous n’avez pas pris ce quiz